Der Bildungswert der Heimatkunde /

Hlavní autor: Spranger, Eduard, 1882-1963
Jazyk: Němčina
Vydáno: Leipzig : Philipp Reclam jun., 1943
Edice: Universal-Bibliothek
Fyzický popis: 64 stran ; 16 cm
Language note: Tištěno švabachem
Knihy
Uloženo v:
LEADER 00927nam a22002777i 4500
001 001916439
003 CZ BrMZK
005 20241119091312.0
007 ta
008 241119s1943 gw er|||||||||||ger d
040 |a BOA001  |b cze  |e rda 
072 7 |x Německá próza, německy psaná  |a 821.112.2-3  |2 Konspekt  |9 25 
100 1 |a Spranger, Eduard,  |d 1882-1963  |7 jo2002113592  |4 aut 
245 1 4 |a Der Bildungswert der Heimatkunde /  |c Eduars Spranger 
264 1 |a Leipzig :  |b Philipp Reclam jun.,  |c 1943 
300 |a 64 stran ;  |c 16 cm 
336 |a text  |b txt  |2 rdacontent 
337 |a bez média  |b n  |2 rdamedia 
338 |a svazek  |b nc  |2 rdacarrier 
490 1 |a Universal-Bibliothek ;  |v 7562 
546 |a Tištěno švabachem 
830 0 |a Universal-Bibliothek 
910 |a BOA001  |b 1-0073.819,7562 
990 |a BK 
991 |b 202410 
996 6 |b 2618767349  |c 1-0073.819,7562  |l MZK  |r Sklad / do 1 hodiny  |n 0  |w 001985762  |u 000010  |a 1  |e BOA001  |j MZK50  |s P